| 000 | 01255nam0a2200253 i 4500 | ||
|---|---|---|---|
| 001 | RU\NLR\BIBL_A\011149419 | ||
| 005 | 20240921130111.0 | ||
| 021 |
_aRU _b2016-24634п _91221п |
||
| 035 | _a(NLR Aleph) 011149419 | ||
| 090 |
_a11664076 _c11664076 |
||
| 100 | _a20160609d2016 m y0rusy50 ca | ||
| 101 | 0 | _arus | |
| 102 | _aRU | ||
| 105 | _ay n 000yy | ||
| 200 | 1 |
_aПрофсоюзы и защита трудовых прав _e[способы защиты трудовых прав и свобод, гарантии права на труд работникам, ответственность за нарушение прав профессиональных союзов, гарантии освобожденным профсоюзным работникам] |
|
| 210 |
_aМосква _cПрофиздат _d2016 |
||
| 215 |
_a80 с _d20 |
||
| 225 | 1 |
_aБиблиотечка профсоюзного актива и предпринимателей _v№ 8, 2016 |
|
| 606 | 1 |
_aТрудовые права _xЗащита _xУчастие профсоюзов _yРоссийская Федерация _92355040 _3RU\NLR\AUTH\661406738 |
|
| 686 | 1 | _aФ72(2)274-331.2 | |
| 942 | _cBOOK | ||
| 980 | _aNBR | ||